| 000 | 00688cam a2200265 4500 | ||
|---|---|---|---|
| 008 | 090401t1996 xxu||||| |||| 00| 0 eng d | ||
| 020 | _a0419202102 | ||
| 035 | _a(Sirsi) u54396 | ||
| 041 | _aeng | ||
| 050 | _a729.29 | ||
| 100 | _aLord, Peter | ||
| 245 | _aDetailing for acoustics. | ||
| 250 | _a3rd ed. | ||
| 260 |
_aLondon _bE & FN Spon _c1996 |
||
| 300 | _a200p. : ill. ; 21x28cm. | ||
| 350 | _a35 | ||
| 650 | _aBUILT ENVIRONMENT-CONSTRUCTION DESIGN-ACOUSTICS | ||
| 650 | _aNOISE | ||
| 650 | _aSOUND ABSORPTION | ||
| 650 | _aSOUND INSULATION | ||
| 690 | _aBUILT ENVIRONMENT-CONSTRUCTION DESIGN | ||
| 700 | _aTempleton, Duncan | ||
| 942 | _n0 | ||
| 948 | _c04/03/1997 | ||
| 999 |
_c93465 _d93465 |
||